K výpočtu cenových indexů v zahraničním obchodě
Použitie novej metódy výpočtu cenových indexov v zahraničnom obchode, indexov dovozu a vývozu metódou "unit value" podľa jednotlivých štvormiestnych skupín SITC, váženým aritmetickým priemerom individuálnych priemerných kilogramových cien. Popis metodológie výpočtu, výstupov a analýza trendov v dovo...
Gespeichert in:
| 1. Verfasser: | |
|---|---|
| Format: | Buchkapitel |
| Sprache: | Tschechisch |
| Schlagworte: | |
| Tags: |
Keine Tags, Fügen Sie das erste Tag hinzu!
|
MARC
| LEADER | 00000naa a2200000 4500 | ||
|---|---|---|---|
| 001 | r015647 | ||
| 005 | 20221205091040.0 | ||
| 041 | 0 | |a cze | |
| 044 | |a CZ | ||
| 245 | 1 | 0 | |a K výpočtu cenových indexů v zahraničním obchodě |c V. Petrásková |
| 520 | |a Použitie novej metódy výpočtu cenových indexov v zahraničnom obchode, indexov dovozu a vývozu metódou "unit value" podľa jednotlivých štvormiestnych skupín SITC, váženým aritmetickým priemerom individuálnych priemerných kilogramových cien. Popis metodológie výpočtu, výstupov a analýza trendov v dovozných a vývozných cenových indexoch za r.1992 a 1993. | ||
| 610 | 2 | 0 | |a indexy cenové |
| 610 | 2 | 0 | |a obchod zahraničný |
| 610 | 2 | 0 | |a Česko |
| 610 | 2 | 0 | |a ČSFR |
| 610 | 2 | 0 | |a metódy matematicko-štatistické |
| 610 | 2 | 0 | |a metodológia |
| 610 | 2 | 0 | |a SITC |
| 610 | 2 | 0 | |a 1992-1993 |
| 100 | 1 | |a Petrásková, V. | |